000 00327nam a22001337a 4500
003 SGT
020 _a978-93-84765-17-0
082 _a610.7362
_bS16G
100 _aGOYAL, M.C.
245 _aSOLVED EXAMINATION SERIES PEDIATRIC NURSING FOR GNM 3RD YEAR
260 _aINDIA
_bLOTUS PUB
_c2016
300 _a380
942 _2ddc
_cBK
_04
999 _c18251
_d18251